000 00470nam a22001577a 4500
003 OSt
005 20120302151201.0
008 091006t xxu||||| |||| 00| 0 eng d
035 _a१५०१०
040 _cमराठी
100 _aमहाबळ, अनिल
_99167
222 _aपक्षी/ पक्षी निरीक्षण
245 _aपक्षी दर्शन
260 _aपुणे
_bजयदीप
942 _2ddc
_cBOOK
999 _c493964
_d493961